000
00216nam a2200085Ia 4500
008
221230s9999 xx 000 0 und d
020
_a
9781628924701
100
_a
OSEPH
245
0
_a
STRATEGIC DESIGN THINKING INNOVATION IN
999
_c
11056
_d
11056